Vấn đề"tả thực" trong lý luận và sáng tác văn xuôi quốc ngữ miền Bắc giai đoạn 1917-1932 /

Bewaard in:
Bibliografische gegevens
Hoofdauteur: Cao Thị Hảo.
Formaat: Artikel
Taal:Vietnamese
Onderwerpen:
Tags: Voeg label toe
Geen labels, Wees de eerste die dit record labelt!
Thư viện lưu trữ: Thư viện Trường Đại học Đà Lạt
LEADER 00917nam a2200301 4500
001 DLU080063408
005 ##20081013
040 # # |a DLU  |b vie 
041 # # |a vie 
044 # # |a vn 
100 # # |a Cao Thị Hảo. 
245 # # |a Vấn đề"tả thực" trong lý luận và sáng tác văn xuôi quốc ngữ miền Bắc giai đoạn 1917-1932 /  |c Cao Thị Hảo. 
653 # # |a Chủ nghĩa hiện thực 
653 # # |a Giai đoạn 1917-1932 
653 # # |a Lý luận văn học 
653 # # |a Miền Bắc 
653 # # |a Nghiên cứu văn học 
773 # # |t Nghiên cứu văn học  |g Số 3, 2008, tr. 28-40. 
920 # # |a Phòng Tạp chí -- Trung tâm Thông tin - Thư viện Trường Đại học Đà Lạt 
933 # # |a VH 
994 # # |a DLU 
900 # # |a True 
911 # # |a Hoàng Thị Huyền 
925 # # |a G 
926 # # |a A 
927 # # |a BB 
980 # # |a Thư viện Trường Đại học Đà Lạt